00404cam a22000977a 4500008004000000082002100040245015100061260004800212300000900260700003700269180718b1932 xxu||||| |||| 00| 0 eng d aT394X54 in2te/32 aReport of the Indian Tariff Board regarding the grant of additional protection to the cotton textile industrycby Indian Tariff Board, West Bengal aCalcuttabCentrapl Publication Branchc1932 a16p. aWest Bengal. Indian Tariff Board